The Tarjuman al-Quran (Vol-I) / (Record no. 215375)
[ view plain ]
| 000 -LEADER | |
|---|---|
| fixed length control field | 00551 a2200145 4500 |
| 003 - CONTROL NUMBER IDENTIFIER | |
| control field | Nust |
| 005 - DATE AND TIME OF LATEST TRANSACTION | |
| control field | 20221207133732.0 |
| 040 ## - CATALOGING SOURCE | |
| Transcribing agency | Nust |
| 082 ## - DEWEY DECIMAL CLASSIFICATION NUMBER | |
| Classification number | 297.122521,AZA |
| 245 ## - TITLE STATEMENT | |
| Title | The Tarjuman al-Quran (Vol-I) / |
| Statement of responsibility, etc. | Mawlana Abul Kalam Azad |
| 260 ## - PUBLICATION, DISTRIBUTION, ETC. | |
| Place of publication, distribution, etc. | Lahore |
| Name of publisher, distributor, etc. | Kazi Publications |
| 300 ## - PHYSICAL DESCRIPTION | |
| Extent | xlvii,201:p.; |
| 505 ## - FORMATTED CONTENTS NOTE | |
| Formatted contents note | Surat-ul Fatiha (Page-1), Praise of god (page-11), Divine providence (Page-17), Divine Benevolence (page-45), Divine Justice (Page-87), The Concept of god (Page-97), Divine guidance (Page-115). |
| 942 ## - ADDED ENTRY ELEMENTS (KOHA) | |
| Source of classification or shelving scheme | |
| Koha item type | Book |
| Call number prefix | 297.122521,AZA |
| Withdrawn status | Lost status | Source of classification or shelving scheme | Damaged status | Not for loan | Permanent Location | Current Location | Shelving location | Date acquired | Full call number | Barcode | Date last seen | Price effective from | Koha item type | Public note |
|---|---|---|---|---|---|---|---|---|---|---|---|---|---|---|
| Military College of Signals (MCS) | Military College of Signals (MCS) | General Stacks | 12/12/2016 | 297.122521,AZA | MCS31314 | 12/08/2016 | 12/12/2016 | Book | Almirah No.47, Shelf No.3 |
